Impacto ambiental de tres métodos de resinación, en Santiago Textitlán, Oaxaca / (Record no. 220075)
[ view plain ]
| 000 -CABECERA | |
|---|---|
| campo de control de longitud fija | 03029nam a2200373 a 4500 |
| 003 - IDENTIFICADOR DEL NÚMERO DE CONTROL | |
| campo de control | OSt |
| 005 - FECHA Y HORA DE LA ÚLTIMA TRANSACCIÓN | |
| campo de control | 20240814143310.0 |
| 007 - CAMPO FIJO DE DESCRIPCIÓN FÍSICA--INFORMACIÓN GENERAL | |
| campo de control de longitud fija | cr ||||||a|c|a |
| 008 - DATOS DE LONGITUD FIJA--INFORMACIÓN GENERAL | |
| campo de control de longitud fija | 240814s2024 mx a|||fom||| 001 0 spa d |
| 040 ## - FUENTE DE LA CATALOGACIÓN | |
| Normas de descripción | rda |
| 100 1# - ENTRADA PRINCIPAL--NOMBRE DE PERSONA | |
| Nombre de persona | Chávez Salinas, Nora |
| 9 (RLIN) | 189415 |
| 245 10 - MENCIÓN DE TÍTULO | |
| Título | Impacto ambiental de tres métodos de resinación, en Santiago Textitlán, Oaxaca / |
| Mención de responsabilidad, etc. | por Nora Chávez Salinas; director de tesis J. Carmen Ayala Sosa; secretario María Amparo Máxima Borja de la Rosa; vocal Jesús Manuel Cabrera Delgado ; suplente David García Cíntora; suplente David Mohedano Caballero. |
| 264 #1 - PRODUCCIÓN, PUBLICACIÓN, DISTRIBUCIÓN, FABRICACIÓN Y COPYRIGHT | |
| Producción, publicación, distribución, fabricación y copyright | Chapingo, México : |
| Nombre del de productor, editor, distribuidor, fabricante | El autor, |
| Fecha de producción, publicación, distribución, fabricación o copyright | 2024. |
| 300 ## - DESCRIPCIÓN FÍSICA | |
| Extensión | 1 recurso en línea ( 73 páginas): |
| Otras características físicas | cuadros, figuras, tablas. |
| 336 ## - TIPO DE CONTENIDO | |
| Fuente | rdacontent |
| Término de tipo de contenido | texto |
| Código de tipo de contenido | txt |
| 337 ## - TIPO DE MEDIO | |
| Fuente | rdamedia |
| Nombre/término del tipo de medio | computadora |
| Código del tipo de medio | c |
| 338 ## - TIPO DE SOPORTE | |
| Fuente | rdacarrier |
| Nombre/término del tipo de soporte | recurso en línea |
| Código del tipo de soporte | cr |
| 502 ## - NOTA DE TESIS | |
| Tipo de título | Ingeniería Forestal |
| Nombre de la institución que otorga el título | División de Ciencias Forestales, |
| Año de obtención del título | 2024. |
| Información miscelánea | Licenciatura |
| 504 ## - NOTA DE BIBLIOGRAFÍA, ETC. | |
| Nota de bibliografía, etc. | Incluye referencias bibliográficas: páginas 53-54. |
| 520 ## - SUMARIO, ETC. | |
| Sumario, etc. | En la comunidad de Buena Vista, municipio Santiago Textitlán, estado de Oaxaca se realizó la aplicación de tres métodos de resinación con el objetivo de evaluar el impacto ambiental generado por la aplicación de estimulantes químicos. Los métodos empleados fueron el Francés como método testigo, Borehole y Pica de Corteza. Los resultados del análisis de la producción en cada uno de los métodos es que de los tres métodos el mejor para ser aplicado en la zona de la comunidad de Buena Vista es el Pica de Corteza que tuvo una producción promedio de 3.14 Kg por árbol en un tiempo de aprovechamiento de 352 días. De la evaluación del impacto ambiental las actividades que más impactan al aplicar el método es la aplicación del estimulante y el descortezado, sobre todas las otras actividades que implica el método Pica de Corteza, actividades que son reversibles a mediano plazo. Con el paso de los días, el árbol al que se le aplicó estimulante químico no muestra cambios físicos de un impacto mayor; la MAPIA (Máxima Área de Posible Impacto Ambiental) no muestra un área de impacto mayor al 1% del total del área intervenida y en esta área el pH no se ve afectado por la aplicación del estimulante y los químicos que puedan desprenderse de este y caer al suelo. |
| 650 #4 - PUNTO DE ACCESO ADICIONAL DE MATERIA--TÉRMINO DE MATERIA | |
| Término de materia o nombre geográfico como elemento de entrada | Arboles |
| Subdivisión general | Regeneración |
| 9 (RLIN) | 6642 |
| 650 #4 - PUNTO DE ACCESO ADICIONAL DE MATERIA--TÉRMINO DE MATERIA | |
| Término de materia o nombre geográfico como elemento de entrada | Arboles |
| Subdivisión general | Crecimiento |
| 9 (RLIN) | 6583 |
| 650 #4 - PUNTO DE ACCESO ADICIONAL DE MATERIA--TÉRMINO DE MATERIA | |
| Término de materia o nombre geográfico como elemento de entrada | Productos químicos |
| Subdivisión general | Evaluación |
| 9 (RLIN) | 125601 |
| 650 #4 - PUNTO DE ACCESO ADICIONAL DE MATERIA--TÉRMINO DE MATERIA | |
| Término de materia o nombre geográfico como elemento de entrada | Impacto ambiental |
| Subdivisión general | Evaluación |
| 9 (RLIN) | 131414 |
| 650 #4 - PUNTO DE ACCESO ADICIONAL DE MATERIA--TÉRMINO DE MATERIA | |
| Término de materia o nombre geográfico como elemento de entrada | Arboles |
| Subdivisión general | Efecto del medio ambiente |
| 9 (RLIN) | 6595 |
| 650 #4 - PUNTO DE ACCESO ADICIONAL DE MATERIA--TÉRMINO DE MATERIA | |
| Término de materia o nombre geográfico como elemento de entrada | Resinación |
| 9 (RLIN) | 96122 |
| 700 1# - PUNTO DE ACCESO ADICIONAL--NOMBRE DE PERSONA | |
| Nombre de persona | Ayala Sosa, J. Carmen |
| 9 (RLIN) | 8980 |
| Término indicativo de función/relación | Director de tesis. |
| 700 1# - PUNTO DE ACCESO ADICIONAL--NOMBRE DE PERSONA | |
| Nombre de persona | Borja de la Rosa, María Amparo Máxima |
| 9 (RLIN) | 13880 |
| Término indicativo de función/relación | Secretario. |
| 700 1# - PUNTO DE ACCESO ADICIONAL--NOMBRE DE PERSONA | |
| Nombre de persona | Cabrera Delgado, Jesús Manuel |
| 9 (RLIN) | 16657 |
| Término indicativo de función/relación | Vocal. |
| 700 1# - PUNTO DE ACCESO ADICIONAL--NOMBRE DE PERSONA | |
| Nombre de persona | García Cíntora, David |
| 9 (RLIN) | 45867 |
| Término indicativo de función/relación | Suplente. |
| 700 1# - PUNTO DE ACCESO ADICIONAL--NOMBRE DE PERSONA | |
| Nombre de persona | Mohedano Caballero, Leopoldo |
| 9 (RLIN) | 77285 |
| Término indicativo de función/relación | Suplente. |
| 856 ## - LOCALIZACIÓN Y ACCESO ELECTRÓNICOS | |
| Identificador Uniforme del Recurso | http://10.13.5.2/tesis/tl/1210430-1_CHAVEZ_SALINAS_NORA.pdf |
| Nota pública | DESCARGAR PDF |
| 942 ## - ELEMENTOS DE PUNTO DE ACCESO ADICIONAL (KOHA) | |
| Fuente del sistema de clasificación o colocación | Clasificación Universidad Autónoma Chapingo |
| Tipo de ítem Koha | Tesis digital |
| Estado de retiro | Estado de pérdida | Fuente del sistema de clasificación o colocación | Estado dañado | Restricciones de uso | No para préstamo | Código de colección | Localización permanente | Ubicación/localización actual | Fecha de adquisición | Total de préstamos | Signatura topográfica completa | Fecha visto por última vez | Precio válido a partir de | Tipo de ítem Koha |
|---|---|---|---|---|---|---|---|---|---|---|---|---|---|---|
| Clasificación Universidad Autónoma de Chapingo | Préstamo interno | Tesis digitales de Licenciatura | Biblioteca Digital | Biblioteca Digital | 14/08/2024 | Tesis digital | 14/08/2024 | 14/08/2024 | Tesis digital |
